000 00299nam a22001097a 4500
008 230731b xxu||||| |||| 00| 0 eng d
082 _a362.2
_bINC 2004
245 _aReport of the International Narcotics Control Board for 2003
260 _aNew York
_bUN
_c2004
300 _aVIII,92p
942 _2ddc
_cBK
999 _c4031
_d4031